| 000 | 01187nam a22003017a 4500 | ||
|---|---|---|---|
| 999 |
_c15841 _d15841 |
||
| 003 | EG-ScBUE | ||
| 005 | 20210206103220.0 | ||
| 008 | 110815s1996 ua f 000 000 e ara d | ||
| 017 | _a1996/10223 | ||
| 020 | _a9770149829 | ||
| 040 |
_aEG-ScBUE _bara _erda _cEG-ScBUE _dEG-ScBUE |
||
| 082 | 0 | 4 |
_a892.74608 _bش ك ر _222 |
| 100 | 1 |
_926720 _aشكري، عبد الرحمن، _d1886-1958، _eمؤلف. |
|
| 245 | 1 | 0 |
_aنظرات في النفس والحياة / _cعبد الرحمن شكري ؛ جمع و دراسة الدكتور عبد الفتاح الشطي. |
| 264 | 1 |
_aالقاهرة : _bالهيئة المصرية العامة للكتاب، _c1996. |
|
| 300 |
_a411 صفحة ؛ _c24 سم. |
||
| 336 |
_2rdacontent _aنص _btxt |
||
| 337 |
_2rdamedia _aبدون وسيط _bn |
||
| 338 |
_2rdacarrier _aمجلد _bnc |
||
| 490 | 0 | _aدراسات أدبية | |
| 650 | 7 |
_914995 _aالمقالات العربية _vمجموعات. _2BUEsh |
|
| 650 | 7 |
_923925 _aالسلوك (علم النفس) _2BUEsh |
|
| 651 | _2BUEsh | ||
| 653 |
_cAugust2011 _bARALIT |
||
| 655 |
_vReading book _934232 |
||
| 700 | 1 |
_926721 _aالشطي، عبد الفتاح، _cجامع. |
|
| 942 |
_2ddc _cBB |
||